Zmrzlina /

Hlavní autor: Urbánková, Dagmar, 1972-
Jazyk: Čeština
Vydáno: Praha : Baobab, 2013
Vydání: Vyd. 1.
Témata:
Fyzický popis: [36] s. : vše barev. il. ; 23 cm
Knihy
Uloženo v:
LEADER 01150nam a2200361 a 4500
001 nkc20142541934
003 CZ PrNK
005 20200820144933.0
007 ta
008 140124s2013 xr a a 000 1 cze
015 |a cnb002541934 
020 |a 978-80-87060-75-9  |q (brož.) 
035 |a (OCoLC)876341591 
040 |a OLA001  |b cze  |d ABA001 
072 7 |a 821-93  |x Literatura pro děti a mládež (beletrie)  |2 Konspekt  |9 26 
080 |a 821-93  |2 MRF 
080 |a 741+76  |2 MRF 
080 |a (0.027.6)74/77  |2 MRF 
100 1 |a Urbánková, Dagmar,  |d 1972-  |7 xx0025773  |4 aut  |4 ill 
245 1 0 |a Zmrzlina /  |c Dagmar Urbánková 
250 |a Vyd. 1. 
260 |a Praha :  |b Baobab,  |c 2013 
300 |a [36] s. :  |b vše barev. il. ;  |c 23 cm 
500 |a Název z obálky 
655 7 |a autorské knihy  |7 fd756049  |2 czenas 
655 7 |a publikace pro děti  |7 fd133156  |2 czenas 
655 9 |a authors' books  |2 eczenas 
655 9 |a children's literature  |2 eczenas 
910 2 |a BOA001  |b 2-1321.154 
990 |a BK 
995 |a 01 
991 |b 201402  |e db 
996 6 |b 2610580273  |c 2-1321.154  |l MZK  |r Sklad / do 1 hodiny  |n 1  |p p.v.  |w 001399028  |u 000010  |a 1  |e BOA001  |j MZK50  |s P